MDQL
is popping MORE tags! Check the
thread
!
Quizzes
Events
Quiz Creation
Community
Videos
Private Events
Remove Ads
Sign In
Join for FREE
Feedback
Dark Mode
Quiz Categories
Sports
Geography
Music
Movies
Television
Just For Fun
Miscellaneous
History
Literature
Language
Science
Gaming
Entertainment
Religion
Holiday
For Kids
Quiz Lab
Recent
Popular Today
Quiz Kudos Today
Editor Picks
Curator Picks
Quizzes by...
Day
Popularity
Type
Ratings
Length
Year
Community
Subscriptions
Recent Discussions
Orange Saloon
Badges
Playlists
Quests
Create
Leaderboards
Showdown
Live 5
Trivia Bingo
Activity
Puzzle Library
Sporcle Events
Private Events
Virtual Trivia
Globe League
Become a Host
Pub Owners
SporcleCon
Opinionation
Our Games
Videos
Blog
Mobile Apps
Partnerships
Remove Ads and Go Orange
Feedback
Language
Vocabulary
Begins and Ends
Definition
Spanish
French
German
Italian
Chinese
Latin
Translation
Japanese
Language
Vocabulary
Begins and Ends
Definition
Spanish
French
German
Italian
Chinese
Latin
Translation
Japanese
Random Quiz
Search Sporcle
×
Quiz Lab
Quiz Lab
Language
Spanish
Type in answers that appear in a list
Type in answers that appear in a list
Classic
Best Score? Go Orange.
Can you speak Spanish? (new) Stats
Can you name the English translation for the Spanish word?
By
drewscrenock
10m
13 Questions
49 Plays
49 Plays
49 Plays
Comments
Comments
Give Quiz Kudos
Give Quiz Kudos
-
- Ratings
hide this ad
Replay
Link that replays current quiz
Next Quiz
Link to next quiz in quiz playlist
You Got
0%
They Got
Avg Score
95%
Avg Friend Score
Upgrade to see
Score Distribution
Jump to the score distribution portion of the page
Score
0/13
Timer
10:00
0
Plays Today
% Correct
Hamburger
100%
red
100%
White
100%
green
100%
blue
100%
water
98%
baseball
98%
soccer
98%
football
95.9%
pink
95.9%
french fries
91.8%
basketball
87.8%
Beans
77.6%
Quiz Playlist
Details
Report
Send in Message
Add To Playlist
Classic:
Type in answers that appear in a list
Last Updated: Feb 16, 2017
Quiz Scoreboard
CHALLENGE
Sign Up to Join the Scoreboard
Show All
Scores
Hide
Comments
May contain spoilers
Recently Published
Image Sorting: Flags VI
by Barbecue
Geography
2m
Find the 'City' Movie
by crazypaving
Movies
60s
Colored Red Africa Blitz
by spor1
Geography
45s
More to Explore
Quiz From the Vault
Featured Blog Post
14 Easter Pick-up Lines to Find Eggs With
hide this ad
You Might Also Like...
Tags
Spanish Quiz
Translation Quiz
English
speak
Today's Top Quizzes in Language
Browse Language
hide this ad
Today's Top Quizzes in Spanish
Browse Spanish
Top Contributed Quizzes in Language
1
What Word Starts All?
2
Arabic Numerals
3
1-10 Letter F Words III
4
1-10 Letter G Words III
5
1-10 Letter H Words III
6
Weisst du, aus welchen Sprachen diese Wörter stammen?
7
1-10 Letter I Words III
8
Latihan Huruf Hiragana KA KI KU KE KO
9
1-10 Letter M Words III
10
1-10 Letter J Words III
Explore More
Trending Topics
Kpop
Anime
Disney
NBA
Marvel
Crossword
Harry Potter
The Office
Country
Soccer
NFL
WWE
Song
Puzzle
Pokémon
hide this ad
More By:
drewscrenock
Quiz
Plays
Rating
Category
Featured
Created
Big 10/Big 12 Teams
74
1.50
Sports
May 7, 2013
Can you speak Spanish? (new)
49
2.00
Language
May 13, 2013
Go to Creator's Profile
Score Distribution
Quiz Creator Spotlight
drewscrenock
Follow
Send a Message
Quizzes Created
-
Created Quiz Play Count
-
More By This Creator
Popular Quizzes Today
1
Colored Red Africa Blitz
2
Find the US States - No Outlines Minefield
3
Find the 'City' Movie
4
5x2 Blitz: Bands
5
The Countries of the World
6
Find the US States
7
Find the Countries of Europe - No Outlines Minefield
8
US States
More Language Quizzes
Pick the Anagram II
Published
Trending Quizzes
Colored Red Europe Blitz I
Colored Red Europe Blitz II
Colored Red Africa Blitz II
Colored Red Europe Blitz III
Colored Red Africa Blitz III
Recently Updated
How Do You Spell That?
pecheneg
Godzilla Movies
pecheneg
Grab Bag: 4-10 Letters
pecheneg
2024 March Madness Bracket
pecheneg
Famous TV Couples
Peacemaker
Champions League XIs: Real Madrid
pecheneg
Largest US Cities 1790-2010
pecheneg
Rides in Walt Disney World
pecheneg
Most Oscar Losses (Acting)
pecheneg
Beyoncé Albums
pecheneg
Trending Topics
Crossword
Kpop
NBA
Marvel
Harry Potter
Anime
Disney
NFL
Song
WWE
Country
Puzzle
Soccer
Pokémon
The Office
Your Account Isn't Verified!
In order to create a playlist on Sporcle, you need to verify the email address you used during registration. Go to your
Sporcle Settings
to finish the process.
Report this User
Report this user for behavior that violates our
Community Guidelines
.
Details:
Send Report
Go to the Sporcle.com Mobile Site →
Comments